00466nam a2200157Ia 45000010006000000050017000060080041000230410008000640820017000721000022000892450144001112600009002553000028002646500008002926540008003001921120260306171727.0260306s9999||||xx |||||||||||||| ||und|| aESP a658.802bK55 aKim, W. ChaneAUT 0aLas claves de la estrategia del océano azul:bconseguir un crecimiento rentable mejorando la propuesta de valor y la estructura de costes c2017 a220 páginas :c23 cm. aGEN aCAN